000 00755nam a2200253Ia 4500
003 OSt
005 20220928120950.0
006 a|||||r|||| 00| 0
007 ta
008 220927b |||||||| |||| 00| 0 eng d
020 _c599
024 _a105333
037 _b3565, 21/12/2009, Bookwell Publications
_cTextual
040 _aSDCL
_cSDCL
_beng
041 _2eng
_aeng
082 _aV2y 7N17, P9
100 _aGupte Pranay
_9451427
245 0 _aMother India
_b Political biography of Indira Gandhi.
260 _aNew Delhi
_bPenguin Viking
_c2009
300 _axii,597p
_ccm.
650 _aReference
942 _hV2y 7N17, P9
_cTEXL
_2CC
999 _c765485
_d765485